000
00262nam a22001217a 4500
008
171014b xxu||||| |||| 00| 0 eng d
041
_a
eng
080
_a
33
100
_a
52
101
_a
MAK
245
_a
INTERNATIONAL ECONOMICS
_c
LYNCH, G.J
942
_2
udc
_c
BK
999
_c
33857
_d
33857